000 00386nam a2200133Ia 4500
008 100328s9999 xx 000 0 und d
082 _b51096
100 _aगोळे गिरीश
245 _aचुकलेली वाट.
260 _bमनमोहिनी
630 _aचुकलेली वाट.
730 _aचुकलेली वाट.
942 _cBOOK
999 _c538095
_d538092